| 000 | 00901nam a2200277 a 4500 | ||
|---|---|---|---|
| 001 | BRCA_7544 | ||
| 005 | 20190320205900.0 | ||
| 008 | 310513s1958----fr-a######---#000-0#fre-# | ||
| 041 | _afre | ||
| 044 | _afr | ||
| 050 | 4 |
_aNK5349 _b.V58 1958 |
|
| 245 | 1 | 0 |
_aLe vitrail francais _csous la haute direction du Musee des Arts Decoratifs de Paris ; Marcel Aubert ... (et al.). |
| 260 |
_aParís _bDeux-Mondes _c1958 |
||
| 300 |
_a336 p. _bil. a color, 32 láminas _c31 cm. |
||
| 500 | _aS20 | ||
| 650 | 1 | 4 |
_aVitrales _vCatálogos _zFrancia _918600 |
| 650 | 1 | 4 |
_aVidrieras de colores _zFrancia _918601 |
| 650 | 1 | 4 |
_aVidrios artísticos _vExposiciones _918602 |
| 700 | 1 |
_aAubert, Marcel _918603 |
|
| 700 | 1 |
_aChastel, André _918604 |
|
| 700 | 1 |
_aGrodecki, Louis _91057 |
|
| 700 | 1 |
_aGruber, Jean-Jacques _918605 |
|
| 710 | 2 |
_aMusee des Arts Decoratifs de Paris _918606 |
|
| 902 | _aGFM | ||
| 942 |
_2lcc _cB |
||
| 999 |
_c7218 _d7218 |
||